Textbook of Radiology & Imaging : (Record no. 35665)
[ view plain ]
| 000 -LEADER | |
|---|---|
| fixed length control field | 00521nam a22001937a 4500 |
| 005 - DATE AND TIME OF LATEST TRANSACTION | |
| control field | 20240503102911.0 |
| 008 - FIXED-LENGTH DATA ELEMENTS--GENERAL INFORMATION | |
| fixed length control field | 240503b |||||||| |||| 00| 0 eng d |
| 020 ## - INTERNATIONAL STANDARD BOOK NUMBER | |
| ISBN | 044307108x |
| 082 ## - DEWEY DECIMAL CLASSIFICATION NUMBER | |
| Classification number | 618.92 |
| Item number | SUT-T |
| 100 ## - MAIN ENTRY--AUTHOR | |
| Author Name | Sutton David |
| 245 ## - TITLE STATEMENT | |
| Title | Textbook of Radiology & Imaging : |
| Remainder of title | Repiralory system / |
| Statement of responsibility, etc. | David Sutton, |
| 250 ## - EDITION STATEMENT | |
| Edition statement | 7th ed. |
| 260 ## - PUBLICATION, DISTRIBUTION, ETC. | |
| Place of Publication | China ; |
| Name of publisher, distributor, etc. | churchill ;2003. |
| 300 ## - PHYSICAL DESCRIPTION | |
| Pages | 884p. |
| 490 ## - SERIES STATEMENT | |
| Volume | vol 3. |
| 500 ## - GENERAL NOTE | |
| General note | include index. |
| 650 ## - SUBJECT ADDED ENTRY--TOPICAL TERM | |
| Subject / Department | Medical / Radiology |
| 300 ## - PHYSICAL DESCRIPTION | |
| -- | ill: |
| -- | 27 cm. |
No items available.
